Business statistics in practice.-- 3rd ed. (Record no. 77955)

MARC details
000 -LEADER
fixed length control field 01516nam a2200265 a 4500
008 - FIXED-LENGTH DATA ELEMENTS--GENERAL INFORMATION
fixed length control field 070523s2003 ||||||||||||||||| || u
020 ## - INTERNATIONAL STANDARD BOOK NUMBER
International Standard Book Number 0072470267
020 ## - INTERNATIONAL STANDARD BOOK NUMBER
International Standard Book Number 0072942444 (CD-ROM)
050 ## - LIBRARY OF CONGRESS CALL NUMBER
Classification number HA 29 Bow
100 ## - MAIN ENTRY--PERSONAL NAME
Personal name Bowerman, Bruce L
245 10 - TITLE STATEMENT
Title Business statistics in practice.-- 3rd ed.
Statement of responsibility, etc. Bruce L. Bowerman, Richard T. O'Connell
250 ## - EDITION STATEMENT
Edition statement 3rd ed.
260 ## - PUBLICATION, DISTRIBUTION, ETC.
Place of publication, distribution, etc. Boston
Name of publisher, distributor, etc. McGraw-Hill
Date of publication, distribution, etc. 2003
300 ## - PHYSICAL DESCRIPTION
Extent xxxi, 864p.: ill. + 1 CD-ROM
350 ## -
-- 0.00
490 ## -
-- Irwin/McGraw-Hill series in operations and decision sciences
650 #3 - SUBJECT ADDED ENTRY--TOPICAL TERM
Topical term or geographic name entry element P0PULATION STATISTICS
650 #0 - SUBJECT ADDED ENTRY--TOPICAL TERM
Topical term or geographic name entry element COMMERCIAL STATISTICS
700 ## - ADDED ENTRY--PERSONAL NAME
Personal name O'Connell, Richard T
995 ## -
-- ANNEX COLLECTION (Main Library)
-- 0.00
-- 737852
-- CBU-MAIN LIBRARY (Kitwe)
-- 1
-- 0.00
-- HA 29 Bow
-- 2
-- AVAILABLE
-- May 23, 2007
-- 54845
-- Annex Low-Usage Collection
995 ## -
-- MAIN LIBRARY OPEN ACCESS
-- 0.00
-- 737849
-- CBU-MAIN LIBRARY (Kitwe)
-- 1
-- 0.00
-- HA 29 Bow
-- 3
-- AVAILABLE
-- May 23, 2007
-- 55051
-- Main Library Open Access Collection
995 ## -
-- MAIN LIBRARY OPEN ACCESS
-- 0.00
-- 737851
-- CBU-MAIN LIBRARY (Kitwe)
-- 1
-- 0.00
-- HA 29 Bow
-- 4
-- AVAILABLE
-- May 23, 2007
-- 54852
-- Main Library Open Access Collection
995 ## -
-- MAIN LIBRARY OPEN ACCESS
-- 0.00
-- 737850
-- CBU-MAIN LIBRARY (Kitwe)
-- 1
-- 0.00
-- HA 29 Bow
-- 5
-- AVAILABLE
-- May 23, 2007
-- 54853
-- Main Library Open Access Collection
995 ## -
-- ANNEX COLLECTION (Main Library)
-- 0.00
-- 737848
-- CBU-MAIN LIBRARY (Kitwe)
-- 1
-- 0.00
-- HA 29 Bow
-- 1
-- AVAILABLE
-- May 23, 2007
-- 55052
-- Annex Low-Usage Collection
999 ## -
-- 77955
-- 77955
Holdings
Withdrawn status Lost status Source of classification or shelving scheme Damaged status Not for loan Permanent Location Current Location Shelving location Date acquired Total Checkouts Full call number Barcode Date last seen Copy number Price effective from Koha item type
          CBU-MAIN LIBRARY, KITWE. CBU-MAIN LIBRARY, KITWE.   05/03/2023   HA 29 Bow 54845 05/03/2023 1 05/03/2023 MONOGRAPH
          CBU-MAIN LIBRARY, KITWE. CBU-MAIN LIBRARY, KITWE.   05/03/2023   HA 29 Bow 55051 05/03/2023 2 05/03/2023 MONOGRAPH
          CBU-MAIN LIBRARY, KITWE. CBU-MAIN LIBRARY, KITWE.   05/03/2023   HA 29 Bow 54852 05/03/2023 3 05/03/2023 MONOGRAPH
          CBU-MAIN LIBRARY, KITWE. CBU-MAIN LIBRARY, KITWE.   05/03/2023   HA 29 Bow 54853 05/03/2023 4 05/03/2023 MONOGRAPH
          CBU-MAIN LIBRARY, KITWE. CBU-MAIN LIBRARY, KITWE.   05/03/2023   HA 29 Bow 55052 05/03/2023 5 05/03/2023 MONOGRAPH